Noce ukraińskie albo rodowód geniusza (Запис № 580609)

МАРК-запис
000 -Лідер
fixed length control field 00732 a2200217 4500
003 - Ідентифікатор контрольного номера
control field UA-OsUOA
005 - Дата та час останнього входження (трансакції)
control field 20260506124428.0
008 - Елементи даних фіксованої довжини – загальна інформація
fixed length control field 260429b un ||||| |||| 00| 0 ukr d
040 ## - Джерело каталогізації
Агенція оригінальної каталогізації UA-OsUOA
Мова каталогізації pol
Агенція, яка здійснювала перезапис UA-OsUOA
Агенція, яка здійснювала модифікацію UA-OsUOA
041 ## - Код мови
Код мови тексту/ звукової доріжки чи окремого заголовка (П) pol
080 ## - Індекс Універсальної десяткової класифікації
Індекс Універсальної десяткової класифікації (УДК) (НП) 929
090 ## - Локальний шифр розміщення
Класифікаційний індекс УДК 929
Авторський знак (НП) J36
100 ## - Основне введення – ім’я особи
Ім’я особи (НП) Jedrzejewicz J.
9 (RLIN) 25119
245 ## - Відомості про назву
Назва (НП) Noce ukraińskie albo rodowód geniusza
Решта назви (НП) opowieść o Szewczence
Дані про відповідальність (НП) Jerzy Jedrzejewicz
260 ## - Публікація, розповсюдження і т.п. (Вихідні дані)
Ім’я/ наймення видавництва, розповсюджувача і т.п. (П) Ludowa Spoldzilnia Wydawwnicza
Дата публікації, розповсюдження і т.п. (П) 1972
Місце публікації, розповсюдження і т.п. (П) Warszawa
300 ## - Фізичний опис
Обсяг 619 s.
650 ## - Додаткове предметне введення – тематичний термін
Джерело заголовка чи терміна UDC
Тематичний термін чи географічна назва, як елемент введення (НП) 929 Біографічні дослідження
9 (RLIN) 25120
942 ## - Додаткові елементи входу (Коха)
Тип елемента Koha Книги
Source of classification or shelving scheme Universal Decimal Classification
955 ## - Код типу видання за змістом
Код типу видання за змістом (НП) Літературно-художні видання
Фонди
Стан вилучень Стан втрат Джерело класифікації або схеми стелажів Стан уражень Не для кредиту Код колекції Постійне місце розташування Поточне розміщення Дата придбання Джерело придбання Вартість, звичайна ціна покупки Інвентарний номер Усього замовленно Повний номер виклику Штрих-код Дата останнього перегляду Вартість, ціна заміни Ціна ефективна від Тип елемента Koha Примітка, призначена для загального доступу
    Universal Decimal Classification     Колекція др. Константина Бризгуна (Оксани і Ярослава Соколиків) Наукова бібліотека ІДУД Наукова бібліотека ІДУД 29/04/2026 №12/29.04.2026 (ІДУД) 1.00 300831   929 J36 300831 29/04/2026 1.00 29/04/2026 Книги Отримано в дар від Оксани Бризгун-Соколик ; містить напис автора